| 000 | 00735cam a2200277 4500 | ||
|---|---|---|---|
| 001 | M83416 | ||
| 008 | 090401t1997 xxu||||| |||| 00| 0 eng d | ||
| 035 | _a(Sirsi) u77794 | ||
| 041 | _aeng | ||
| 050 | _a338.2 | ||
| 110 |
_aRoyal Institution of Chartered Surveyors _94900 |
||
| 245 | _aMineral resources and the environment. | ||
| 260 |
_aLondon _bRICS _c1997 |
||
| 300 | _a12p. : ill. ; 30cm. | ||
| 350 | _a0 | ||
| 650 | _aABOUT RICS-RICS MEMBERS | ||
| 650 | _aENVIRONMENTAL IMPACT | ||
| 650 | _aMINERAL RESOURCES | ||
| 650 | _aMINERALS INDUSTRY | ||
| 650 | _aMINERALS | ||
| 650 |
_aSustainability _96271 |
||
| 650 | _aSUSTAINABLE DEVELOPMENT | ||
| 690 | _aMINING AND MINERALS | ||
| 942 | _n0 | ||
| 948 | _c18/04/1997 | ||
| 999 |
_c96355 _d96355 |
||